Risk management - dobré jméno společnosti

Ochrana reputácie spoločnosti patrí medzi najdôležitejšie a tiež najobtiažnejšie úlohy nielen vrcholového vedenia, ale aj všetkých pracovníkov spoločnosti. Kľúčové prvky ochrany dobrého mena spoločnosti. Spokojnosť zákazníkov - základ úspechu podnikania.

Salvato in:
Dettagli Bibliografici
Autore principale: Pulchart, Vladimír
Natura: Capitolo di libro
Lingua:ceco
Soggetti:
Tags: Aggiungi Tag
Nessun Tag, puoi essere il primo ad aggiungerne!!

MARC

LEADER 00000naa$a2200000$$$4500
001 0051158
005 20231107122207.8
041 0 |a cze 
044 |a SK 
245 1 0 |a Risk management - dobré jméno společnosti  |c Vladimír Pulchart 
520 |a Ochrana reputácie spoločnosti patrí medzi najdôležitejšie a tiež najobtiažnejšie úlohy nielen vrcholového vedenia, ale aj všetkých pracovníkov spoločnosti. Kľúčové prvky ochrany dobrého mena spoločnosti. Spokojnosť zákazníkov - základ úspechu podnikania. 
610 2 0 |a risk management 
610 2 0 |a správa spoločnosti 
610 2 0 |a spokojnosť zákazníkov 
100 1 |a Pulchart, Vladimír